Everyday life in traditional Japan
Book introduces about Japan's social life and custom
Sparad:
| Huvudupphovsman: | |
|---|---|
| Materialtyp: | Bok |
| Språk: | Undetermined |
| Publicerad: |
Tokyo
Charles E. Tuttle
1990
|
| Ämnen: | |
| Taggar: |
Lägg till en tagg
Inga taggar, Lägg till första taggen!
|
| Thư viện lưu trữ: | Trung tâm Học liệu Trường Đại học Cần Thơ |
|---|
| LEADER | 00719nam a2200217Ia 4500 | ||
|---|---|---|---|
| 001 | CTU_218201 | ||
| 008 | 210402s9999 xx 000 0 und d | ||
| 082 | |a 915.20325 | ||
| 082 | |b D923 | ||
| 100 | |a Dunn, Charles James | ||
| 245 | 0 | |a Everyday life in traditional Japan | |
| 245 | 0 | |c Charles James Dunn ; drawings by Laurence Broderick | |
| 260 | |a Tokyo | ||
| 260 | |b Charles E. Tuttle | ||
| 260 | |c 1990 | ||
| 520 | |a Book introduces about Japan's social life and custom | ||
| 650 | |a Japan,Nhật Bản | ||
| 650 | |x Social life and customs,Đời sống xã hội và phong tục | ||
| 650 | |y 1600-1868,1600-1868 | ||
| 904 | |i Nguyên | ||
| 980 | |a Trung tâm Học liệu Trường Đại học Cần Thơ | ||